| 000 | 00902nam a2200253 c 4500 | ||
|---|---|---|---|
| 001 | a5557793 | ||
| 003 | CO-ViMGA | ||
| 005 | 20230915234534.0 | ||
| 008 | 141021s2014 sp a | |||| 000 1 spa | ||
| 020 | _a9788490247426 | ||
| 040 |
_aCO-ViMGA _bspa _cCO-ViMGA |
||
| 041 | 1 | _heng | |
| 082 | 0 | 4 |
_a741.5 _bH67v |
| 100 | 1 |
_aHopeless, Dennis _4aut _98872 |
|
| 245 | 1 | 0 |
_aVivo o muerto / _c[guion̤], Hopeless ; [dibujo], Larroca ; [traducción̤, Santiago García] |
| 260 |
_aTorroella de Montgrí, Girona _bPanini Comics ; _aSanta Perpetua de Mogoda [Barcelona] _bdistribución, SD Distribuciones _cD.L. 2014 |
||
| 300 |
_a[200] p. _bprincipalmente il. col. _c26 cm. |
||
| 490 | 0 |
_aCable y X-Force _vn. 2 |
|
| 490 | 0 | _aColección 100% Marvel | |
| 650 | 1 | 4 |
_aComics _9284 |
| 650 | 1 | 4 |
_aTiras comicas, historietas, etc. _92479 |
| 700 | 1 |
_aLarroca, Salvador _d1964- _edibujante _4art _98873 |
|
| 942 |
_2ddc _cBK |
||
| 999 |
_c37834 _d37834 |
||